T.A Food technologies: Pilot systems for food technology

Spremljeno u:
Bibliografski detalji
Format: Knjiga
Jezik:Undetermined
Izdano: Italia Didacta Italia 1987
Teme:
Oznake: Dodaj oznaku
Bez oznaka, Budi prvi tko označuje ovaj zapis!
Thư viện lưu trữ: Trung tâm Học liệu Trường Đại học Cần Thơ
LEADER 00484nam a2200181Ia 4500
001 CTU_23487
008 210402s9999 xx 000 0 und d
082 |a 016.66 
082 |b F686 
245 0 |a T.A Food technologies: 
245 0 |b Pilot systems for food technology 
260 |a Italia 
260 |b Didacta Italia 
260 |c 1987 
650 |a Food technology,Machine design 
650 |x Catalog 
904 |i Truc 
980 |a Trung tâm Học liệu Trường Đại học Cần Thơ